Babe lyrics - Statistics

General Stats
  • This quiz has been taken 237 times
  • The average score is 280 of 327
Answer Stats
Lyrics % Correct
babe?
99%
babe
99%
I
99%
a
97%
you
97%
You
97%
you,
97%
on
96%
it
95%
it,
95%
the
93%
be
92%
this,
92%
this
92%
This
92%
do
91%
could
90%
I'll
90%
is
90%
one
90%
one,
90%
that
90%
What
90%
your
90%
Your
90%
how
89%
How
89%
hear
88%
call,
86%
call
86%
ever
86%
got
86%
last
86%
time
86%
time,
86%
We
86%
we
86%
away,
85%
away
85%
no
85%
really
85%
shame,
85%
can't
83%
didn't
83%
her
83%
wanna
83%
getting
82%
I'm
82%
love
82%
through
82%
of
81%
but
80%
ain't
79%
never
79%
said
79%
want
79%
else,
78%
to
78%
because
77%
have
77%
lips
77%
won't
77%
hate
76%
you're
76%
and
75%
And
75%
blew
75%
admitted
74%
promise
74%
neck,
73%
yeah
73%
down
70%
it's
70%
its
70%
made
70%
made,
70%
should
70%
Since
70%
every
69%
floor
68%
floor,
68%
keep
68%
picturing
68%
ball
66%
wreck,
66%
here
65%
kitchen
65%
wrecking
65%
Big
64%
mistake,
64%
break
63%
so
63%
We're
63%
broke
61%
waste,
61%
plans
60%
that's
58%
face
57%
look
56%
innocent
54%
pictures
54%
sweetest
54%
doesn't
53%
has
53%
taking
53%
secret
50%
see
50%
strange
50%
consequence,
49%
No matching quizzes found
Score Distribution
Percent of People with Each Score
Percentile by Number Answered
Your Score History
You have not taken this quiz